| 000 | 00458nam a2200181Ia 4500 | ||
|---|---|---|---|
| 003 | GCL | ||
| 008 | 140319s9999 xx 000 0 eng d | ||
| 040 |
_aGCL / _cGCL |
||
| 082 | 0 | 4 |
_a725.822 _bK O |
| 100 | 1 | _aKALDOR, ANDRAS | |
| 245 | 1 | 0 |
_aOPERA HOUSE OF EUROPE / _cKALDOR, ANDRAS |
| 260 |
_a[S.N] : _bANTIQUE COLLECTOR'S CLUB ، _c1996 |
||
| 300 | _a127 P | ||
| 650 | 0 | 4 | _aEUROPE |
| 650 | 0 | 4 | _aOPERA - HOUSE |
| 650 | 0 | 4 | _aARCHITECTURE |
| 942 |
_2ddc _cBK |
||
| 999 |
_c13241 _d13241 |
||